Name that Vancouver Landmark with Pictures - Statistics

General Stats
  • This quiz has been taken 10 times
  • The average score is 14 of 20
Answer Stats
Picture Answer % Correct
BC Place
100%
Canada Place
100%
Gastown Steam Clock
100%
Granville Island
100%
Lions Gate Bridge
100%
Queen Elizabeth Park
100%
Science World
100%
Chinatown
86%
Rogers Arena
86%
Stanley Park
86%
Vancouver Art Gallery
86%
Vancouver City Hall
71%
Pacific Central Station
57%
The Orpheum
57%
Vancouver Aquarium
57%
Harbour Centre
43%
Museum of Anthropology
43%
Olympic Torches
43%
Cathedral of Our Lady of the Holy Rosary
14%
Christ Church Cathedral
14%
No matching quizzes found
Score Distribution
Percent of People with Each Score
Percentile by Number Answered
Your Score History
You have not taken this quiz